| 000 | 00532nam a22002057a 4500 | ||
|---|---|---|---|
| 003 | BUBTL | ||
| 008 | 180512b xxu||||| |||| 00| 0 eng d | ||
| 020 | _a0198268600 | ||
| 082 | _a340.2ZWI | ||
| 100 |
_91864 _aZweigert,Konrad |
||
| 245 | _aIntroduction To Comparative Law | ||
| 250 | _a3rd ed. | ||
| 260 |
_aOxford : _bClarendon Press, _cc1998. |
||
| 300 |
_axxvii,714 p. : _c21 cm. |
||
| 650 | 0 |
_926 _aLaw |
|
| 700 |
_91865 _aKotz,Hein |
||
| 856 |
_k0 _l0 _yDownload |
||
| 942 |
_2ddc _cBK |
||
| 999 |
_c5717 _d5717 |
||